000 01032cam a2200217 4500
001 WB3929-16
008 030729n2003 000 0 eng u
035 _a(Sirsi) u123132
245 _aPrecautionary measures on GM trials
260 _c2003
490 _aScottish Executive News Release
_v 25 July 2003, (3)
520 _aScottish Executive has advised farmers who have planted oil seed rape as part of the GM Farm Scale Trials not to plant conventional oil seed rape this year. This follows findings that show that oil seed rape persists in the soil for longer than orginally thought. This measure has been agreed with the executive, DEFRA and the Advisory Committee on Releases to the Environment. For the Scottish Executive News Release: http://www.scotland.gov.uk/pages/news/2003/07/SEen568.aspx
590 _aWB
650 _aGM TRIALS
650 _aSCOTTISH EXECUTIVE
650 _aDEFRA
650 _aOIL SEED RAPE
650 _aENVIRONMENTAL DAMAGES
690 _aRURAL-AGRICULTURE AND FORESTRY
942 _n0
999 _c73117
_d73117